000 00322nam a2200133Ia 4500
008 190216s9999||||xx |||||||||||||| ||und||
100 _a"Lesikar,Pettit"
245 0 _aBusiness Communication
250 _a6th Ed.
260 _bAitbs Publishers And Distributors
_c2004
300 _a740
650 _aCommerce
942 _cBK
999 _c8271
_d8271